| 000 | 00541nam a22001577a 4500 | ||
|---|---|---|---|
| 003 | OSt | ||
| 005 | 20260415020032.0 | ||
| 008 | 260415b |||||||| |||| 00| 0 eng d | ||
| 040 |
_aDWC-Main lib. _cOC |
||
| 082 | _aFil. 343.0939 R426 2000 | ||
| 245 |
_aRepublic Act No. 9136 : _belectric power industry reform act of 2001/ |
||
| 260 |
_aManila, Philippines : _bDepartment of Energy, _cc2000. |
||
| 300 |
_a58 p. : ill. : _c20 cm. |
||
| 650 | _a1. Laws - Philippines I. Philippines Department of Energy. | ||
| 942 |
_2ddc _cBK - FIL _hFil. _n0 |
||
| 999 |
_c9431 _d9431 |
||